|
|
|
|
| LEADER |
00000nam a2200000 i 4500 |
| 001 |
1/1780 |
| 008 |
000418s1998 eng d |
| 020 |
|
|
|a 0789716860
|
| 035 |
|
|
|l 10060152
|
| 040 |
|
|
|a GR-MY-UA
|b gre
|e aacr
|
| 041 |
0 |
|
|a eng
|
| 082 |
0 |
|
|a 621.3916
|
| 245 |
1 |
0 |
|a Tom's hardware guide /
|c Dr. Thomas Pabst ...[et.al.]
|
| 260 |
|
|
|a Indianapolis, Ind. :
|b Que,
|c c1998
|
| 300 |
|
|
|a xiii, 603 p.;
|b ill.;
|c 23 cm.
|
| 504 |
|
|
|a Includes index
|
| 650 |
0 |
0 |
|a Microcomputers
|x Maintenance and repair.
|
| 650 |
0 |
0 |
|a Microcomputers
|x Equipment and supplies.
|
| 650 |
0 |
0 |
|a Microcomputers
|x Upgrading.
|
| 700 |
1 |
|
|a Pabst, Thomas.
|
| 852 |
|
|
|a INST
|b SAMOS
|e 20000418
|h 621.3916 TOM
|p 005300015321
|q 005300015321
|t BK
|y 0
|
| 901 |
|
|
|a BIBL3-2000-1
|
| 909 |
|
|
|a Σ
|b 075152
|
| 922 |
|
|
|a 3ΕΛΗ
|b 200003
|c ΤΠΕΣ/ΤΑΚΤ
|d ΠΑΠΑΣΩΤΗΡΙΟΥ
|
| 970 |
|
|
|a ΓΕΝΟΥΖΟΥ
|b ΧΡΥΣΑΝΘΗ
|z 2000/04/18
|